مكتبة جامعة عجلون الوطنية

فهرس بحث المكتبة

البحث العلمي: مفهومه واداواته واساليبه=SCIENTIFIC RESEARCH / (Record no. 30914)

MARC details
000 -LEADER
fixed length control field 01174nam a2200277Ii 4500
003 - CONTROL NUMBER IDENTIFIER
control field JO-AjNU
005 - DATE AND TIME OF LATEST TRANSACTION
control field 20240529110753.0
008 - FIXED-LENGTH DATA ELEMENTS--GENERAL INFORMATION
fixed length control field 230605s9999||||xx |||||||||||||| ||und||
017 ## - COPYRIGHT OR LEGAL DEPOSIT NUMBER
Copyright or legal deposit number 2011/7/2719
020 ## - INTERNATIONAL STANDARD BOOK NUMBER
International Standard Book Number 978-9957-07-957-4
040 ## - CATALOGING SOURCE
Original cataloging agency JO-AjNU
Language of cataloging ara
Description conventions rda
Transcribing agency JO-AjNU
041 ## - LANGUAGE CODE
Language code of text/sound track or separate title ara
050 14 - LIBRARY OF CONGRESS CALL NUMBER
Classification number Q180.A1.U2234 2020
245 00 - TITLE STATEMENT
Title البحث العلمي: مفهومه واداواته واساليبه=SCIENTIFIC RESEARCH /
Statement of responsibility, etc. تأليف ذوقات عبيدات ؛كايد عبد الحق، عبد الرحمن عدس ،مؤلف مشارك
250 ## - EDITION STATEMENT
Edition statement الطبعة التاسعة عشر
260 ## - PUBLICATION, DISTRIBUTION, ETC.
Place of publication, distribution, etc. عمان :
Name of publisher, distributor, etc. دار الفكر للنشر والتوزيع،
Date of publication, distribution, etc. 2020
264 31 - PRODUCTION, PUBLICATION, DISTRIBUTION, MANUFACTURE, AND COPYRIGHT NOTICE
Place of production, publication, distribution, manufacture عمان: دار الفكر ناشرون وموزعون، 2020
300 ## - PHYSICAL DESCRIPTION
Extent 312ص
Other physical details ويحتوي على قائمة مراجع من ص309ص- 312ص
336 ## - CONTENT TYPE
Content type term text
Content type code txt
Source rdacontent
337 ## - MEDIA TYPE
Media type term unmediated
Media type code n
Source rdamedia
338 ## - CARRIER TYPE
Carrier type term volume
Carrier type code nc
Source rdacarrier
650 #4 - SUBJECT ADDED ENTRY--TOPICAL TERM
Topical term or geographic name entry element البحث العلمي
9 (RLIN) 60621
700 ## - ADDED ENTRY--PERSONAL NAME
Personal name عبد الحق، كايد
9 (RLIN) 65429
Relator term مؤلف مشارك
700 ## - ADDED ENTRY--PERSONAL NAME
Personal name عبد الحق، كايد
9 (RLIN) 65432
Relator term مؤلف مشارك
942 ## - ADDED ENTRY ELEMENTS (KOHA)
Source of classification or shelving scheme Library of Congress Classification
Koha item type Books
Holdings
Withdrawn status Lost status Source of classification or shelving scheme Damaged status Not for loan Home library Current library Shelving location Date acquired Total Checkouts Full call number Barcode Date last seen Price effective from Koha item type
    Library of Congress Classification     مكتبة جامعة عجلون الوطنية مكتبة جامعة عجلون الوطنية المجموعات العامة 06/06/2023   Q180.A1.U2234 2020 A27346 06/06/2023 06/06/2023 Books
    Library of Congress Classification     مكتبة جامعة عجلون الوطنية مكتبة جامعة عجلون الوطنية المجموعات العامة 28/05/2024   Q180.A1.U2234 2020 a27047 28/05/2024 28/05/2024 Books
    Library of Congress Classification     مكتبة جامعة عجلون الوطنية مكتبة جامعة عجلون الوطنية المجموعات العامة 28/05/2024   Q180.A1.U2234 2020 a27048 28/05/2024 28/05/2024 Books